Score 0/18 Timer 03:00
1 Play Today
4-Letter Word % Correct
LAST
97.7%
LIST
97.5%
TERM
96.9%
MINE
96.6%
MINT
95.5%
LINT
94.3%
DINE
94%
WERE
93.9%
GERE
93.3%
4-Letter Word % Correct
GERM
92.9%
DIVE
90.7%
WORE
86.4%
FAST
68.5%
TEEM
62%
FIVE
59.2%
WORF
56.7%
TEEN
55.7%
WOLF
54.6%

Today's Daily Dose

Missing Word
'T' Pairs

Word Ladder
Game Pieces

Get the Picture
Baseball Movies

Remove Ads.
Support Sporcle.
Get the best of Sporcle when you Go Orange. This ad-free experience offers more features, more stats, and more fun while also helping to support Sporcle. Thank you for becoming a member.

You're not logged in!

Compare scores with friends on all Sporcle quizzes.
OR
Log In

Show Comments

Extras

Top Quizzes Today


Score Distribution

Your Account Isn't Verified!

In order to create a playlist on Sporcle, you need to verify the email address you used during registration. Go to your Sporcle Settings to finish the process.

Report this User

Report this user for behavior that violates our Community Guidelines.

Details: